• 首页
  • 本馆介绍
  • 公告通知
  • 最新文献
  • 馆藏检索
  • 电子资源
  • 读者导购
  • 参考咨询
  • 我的图书馆
  • 登录
  • 详细信息显示
  • 放入我的书架
  • 预约/预借图书
  • 作者相关作品
  • 分类相关作品
  • 丛书相关作品
  • 出版社相关作品

书目信息

  • 表格格式
  • 工作单格式
  • 卡片格式
题名:
食品蓸菌生物技术及应用
    
 
作者: 刘祖同 罗信昌
分册:  
出版信息: 北京   清华大学出版社  2002
页数: 240
开本: 26cm
丛书名:
单 册:
中图分类: S567.3
科图分类:
主题词: 经济作物
电子资源:
ISBN: 7-302-04938-6
000 00567nam0 2200181 450
001 0741144344
005 20070817112544.34
010    @a7-302-04938-6@d¥38.00
100    @a20070817d km y0chiy0120 ea
101 0  @achi
200 1  @a食品蓸菌生物技术及应用@Ashi pin cao jun sheng wu ji shu ji ying yong@f刘祖同 罗信昌@Fliu zu tong luo xin chang
210    @a北京@c清华大学出版社@d2002
215    @a240@d26cm
606 0  @a经济作物
690    @aS567.3@v3
701  0 @a刘祖同 罗信昌@Aliu zu tong luo xin chang
801  0 @aCN@bPFT@c20070817
905    @a213230@dS567.3@en2@f1
    
    食品蓸菌生物技术及应用/刘祖同 罗信昌.-北京:清华大学出版社,2002
    240;26cm
    
    
    ISBN 7-302-04938-6:¥38.00
    
●
相关链接 在E读中查询图书 在五车中查询图书 在当当中查询图书 在豆瓣中查询图书


正题名:食品蓸菌生物技术及应用     索取号:S567.3/n2         预约/预借

序号 登录号 条形码 馆藏地/架位号 状态 备注
1 6601346   266013468   密集书库-生命科学系/ [索取号:S567.3/n2] 在馆    
唐山师范学院图书馆 欢迎您!
大连网信软件有限公司© 版权所有